<?xml version="1.0" encoding="UTF-8"?>
<collection xmlns="http://www.loc.gov/MARC21/slim">
 <record>
  <leader>07762cam a2201405   4500</leader>
  <controlfield tag="001">1626055815</controlfield>
  <controlfield tag="003">DE-627</controlfield>
  <controlfield tag="005">20240906095202.0</controlfield>
  <controlfield tag="007">tu</controlfield>
  <controlfield tag="008">170614s2017    gw |||||      00| ||ger c</controlfield>
  <datafield tag="015" ind1=" " ind2=" ">
   <subfield code="a">17,N16</subfield>
   <subfield code="2">dnb</subfield>
  </datafield>
  <datafield tag="016" ind1="7" ind2=" ">
   <subfield code="a">1129617327</subfield>
   <subfield code="2">DE-101</subfield>
  </datafield>
  <datafield tag="020" ind1=" " ind2=" ">
   <subfield code="a">9783406698767</subfield>
   <subfield code="c"> : Gewebe : EUR 44.00 (DE)</subfield>
   <subfield code="9">978-3-406-69876-7</subfield>
  </datafield>
  <datafield tag="020" ind1=" " ind2=" ">
   <subfield code="a">340669876X</subfield>
   <subfield code="c">Festeinband : EUR 44.00</subfield>
   <subfield code="9">3-406-69876-X</subfield>
  </datafield>
  <datafield tag="024" ind1="3" ind2=" ">
   <subfield code="a">9783406698767</subfield>
  </datafield>
  <datafield tag="035" ind1=" " ind2=" ">
   <subfield code="a">(DE-627)1626055815</subfield>
  </datafield>
  <datafield tag="035" ind1=" " ind2=" ">
   <subfield code="a">(DE-576)489747345</subfield>
  </datafield>
  <datafield tag="035" ind1=" " ind2=" ">
   <subfield code="a">(DE-599)DNB1129617327</subfield>
  </datafield>
  <datafield tag="035" ind1=" " ind2=" ">
   <subfield code="a">(OCoLC)983785736</subfield>
  </datafield>
  <datafield tag="035" ind1=" " ind2=" ">
   <subfield code="a">(OCoLC)983785736</subfield>
  </datafield>
  <datafield tag="035" ind1=" " ind2=" ">
   <subfield code="a">(DE-Rt5)5139577</subfield>
  </datafield>
  <datafield tag="040" ind1=" " ind2=" ">
   <subfield code="a">DE-627</subfield>
   <subfield code="b">ger</subfield>
   <subfield code="c">DE-627</subfield>
   <subfield code="e">rda</subfield>
  </datafield>
  <datafield tag="041" ind1=" " ind2=" ">
   <subfield code="a">ger</subfield>
  </datafield>
  <datafield tag="044" ind1=" " ind2=" ">
   <subfield code="c">XA-DE-BY</subfield>
   <subfield code="c">XA-DE</subfield>
  </datafield>
  <datafield tag="082" ind1="0" ind2=" ">
   <subfield code="a">305.5</subfield>
  </datafield>
  <datafield tag="082" ind1="0" ind2=" ">
   <subfield code="a">709.024</subfield>
  </datafield>
  <datafield tag="082" ind1="0" ind2=" ">
   <subfield code="a">940.21</subfield>
  </datafield>
  <datafield tag="082" ind1="0" ind2=" ">
   <subfield code="a">909.08</subfield>
   <subfield code="q">DE-101</subfield>
   <subfield code="2">22/ger</subfield>
  </datafield>
  <datafield tag="082" ind1="0" ind2=" ">
   <subfield code="a">940</subfield>
  </datafield>
  <datafield tag="082" ind1="0" ind2=" ">
   <subfield code="a">940</subfield>
  </datafield>
  <datafield tag="082" ind1="0" ind2="4">
   <subfield code="a">940</subfield>
   <subfield code="q">DE-101</subfield>
  </datafield>
  <datafield tag="084" ind1=" " ind2=" ">
   <subfield code="a">Ekl 1</subfield>
   <subfield code="2">asb</subfield>
  </datafield>
  <datafield tag="084" ind1=" " ind2=" ">
   <subfield code="a">EKL</subfield>
   <subfield code="2">ssd</subfield>
  </datafield>
  <datafield tag="084" ind1=" " ind2=" ">
   <subfield code="a">Gesch 228</subfield>
   <subfield code="2">sfb</subfield>
  </datafield>
  <datafield tag="084" ind1=" " ind2=" ">
   <subfield code="a">GESCH 228</subfield>
   <subfield code="2">sfb</subfield>
  </datafield>
  <datafield tag="084" ind1=" " ind2=" ">
   <subfield code="a">D 230</subfield>
   <subfield code="2">kab</subfield>
  </datafield>
  <datafield tag="084" ind1=" " ind2=" ">
   <subfield code="a">940#DNB</subfield>
   <subfield code="2">sdnb</subfield>
  </datafield>
  <datafield tag="084" ind1=" " ind2=" ">
   <subfield code="a">LH 65720</subfield>
   <subfield code="q">BSZ</subfield>
   <subfield code="2">rvk</subfield>
   <subfield code="0">(DE-625)rvk/94555:</subfield>
  </datafield>
  <datafield tag="084" ind1=" " ind2=" ">
   <subfield code="a">NN 1580</subfield>
   <subfield code="q">DE-24/23sred</subfield>
   <subfield code="2">rvk</subfield>
   <subfield code="0">(DE-625)rvk/126559:</subfield>
  </datafield>
  <datafield tag="084" ind1=" " ind2=" ">
   <subfield code="a">15.20</subfield>
   <subfield code="2">bkl</subfield>
  </datafield>
  <datafield tag="084" ind1=" " ind2=" ">
   <subfield code="a">15.34</subfield>
   <subfield code="2">bkl</subfield>
  </datafield>
  <datafield tag="084" ind1=" " ind2=" ">
   <subfield code="a">15.33</subfield>
   <subfield code="2">bkl</subfield>
  </datafield>
  <datafield tag="084" ind1=" " ind2=" ">
   <subfield code="a">15.07</subfield>
   <subfield code="2">bkl</subfield>
  </datafield>
  <datafield tag="084" ind1=" " ind2=" ">
   <subfield code="a">20.70</subfield>
   <subfield code="2">bkl</subfield>
  </datafield>
  <datafield tag="090" ind1=" " ind2=" ">
   <subfield code="a">a</subfield>
  </datafield>
  <datafield tag="100" ind1="1" ind2=" ">
   <subfield code="a">Roeck, Bernd</subfield>
   <subfield code="d">1953-</subfield>
   <subfield code="e">VerfasserIn</subfield>
   <subfield code="0">(DE-588)120854325</subfield>
   <subfield code="0">(DE-627)080928366</subfield>
   <subfield code="0">(DE-576)162758286</subfield>
   <subfield code="4">aut</subfield>
  </datafield>
  <datafield tag="245" ind1="1" ind2="4">
   <subfield code="a">Der Morgen der Welt</subfield>
   <subfield code="b">Geschichte der Renaissance</subfield>
   <subfield code="c">Bernd Roeck</subfield>
  </datafield>
  <datafield tag="264" ind1=" " ind2="1">
   <subfield code="a">München</subfield>
   <subfield code="b">C.H. Beck</subfield>
   <subfield code="c">[2017]</subfield>
  </datafield>
  <datafield tag="264" ind1=" " ind2="4">
   <subfield code="c">© 2017</subfield>
  </datafield>
  <datafield tag="300" ind1=" " ind2=" ">
   <subfield code="a">1304 Seiten, 32 ungezählte Seiten Tafeln</subfield>
   <subfield code="b">Illustrationen</subfield>
   <subfield code="c">23 cm</subfield>
  </datafield>
  <datafield tag="336" ind1=" " ind2=" ">
   <subfield code="a">Text</subfield>
   <subfield code="b">txt</subfield>
   <subfield code="2">rdacontent</subfield>
  </datafield>
  <datafield tag="337" ind1=" " ind2=" ">
   <subfield code="a">ohne Hilfsmittel zu benutzen</subfield>
   <subfield code="b">n</subfield>
   <subfield code="2">rdamedia</subfield>
  </datafield>
  <datafield tag="338" ind1=" " ind2=" ">
   <subfield code="a">Band</subfield>
   <subfield code="b">nc</subfield>
   <subfield code="2">rdacarrier</subfield>
  </datafield>
  <datafield tag="490" ind1="0" ind2=" ">
   <subfield code="a">Historische Bibliothek der Gerda Henkel Stiftung</subfield>
  </datafield>
  <datafield tag="500" ind1=" " ind2=" ">
   <subfield code="a">1. Auflage 2017</subfield>
  </datafield>
  <datafield tag="500" ind1=" " ind2=" ">
   <subfield code="a">Hier auch später erschienene, unveränderte Nachdrucke, 2. - 4. Auflage 2018</subfield>
  </datafield>
  <datafield tag="500" ind1=" " ind2=" ">
   <subfield code="a">Quellen- und Literaturverzeichnis: Seite 1221-1277</subfield>
  </datafield>
  <datafield tag="500" ind1=" " ind2=" ">
   <subfield code="a">Mit Register</subfield>
  </datafield>
  <datafield tag="520" ind1=" " ind2=" ">
   <subfield code="a">Die Renaissance war eine Revolution, die erst Europa und dann die ganze Welt für immer veränderte. In seinem Buch entfaltet Bernd Roeck ein Panorama dieser dramatischen Epoche. Zugleich erklärt er im Horizont der Globalgeschichte, wieso es in Europa zu dieser einzigartigen Verdichtung von weltbewegenden Ideen, spektakulären Entdeckungen und historischen Umwälzungen kommen konnte. Um die Wurzeln der Renaissance freizulegen, blickt Bernd Roeck weit ins Mittelalter und die Antike zurück - und weit über die Grenzen Europas hinaus und lässt die Epoche vor den Augen des Lesers auferstehen: die große Kunst, die unter Italiens Himmel entstand, und die Ideen der Humanisten ebenso wie die Religionskriege und die Anfänge der Unterwerfung fremder Erdteile. Er erzählt von Kaufleuten und Dichtern, Kaisern und Päpsten, klugen Frauen und monströsen Männern, von den Großen der Zeit und den Kleinen, die fern der Paläste mit Krankheit und Hunger kämpften. Schließlich zeigt er, dass die Renaissance mit ihren Innovationen nicht nur Sehnsuchtsorte der Schönheit und des Geistes schuf, sondern auch die Fundamente für unsere moderne Welt. Nominiert für den Preis der Leipziger Buchmesse 2018 in der Kategorie Sachbuch</subfield>
  </datafield>
  <datafield tag="650" ind1=" " ind2="4">
   <subfield code="a">Renaissance</subfield>
  </datafield>
  <datafield tag="650" ind1=" " ind2="4">
   <subfield code="a">Kultur</subfield>
  </datafield>
  <datafield tag="689" ind1="0" ind2="0">
   <subfield code="d">s</subfield>
   <subfield code="0">(DE-588)4049450-0</subfield>
   <subfield code="0">(DE-627)104117257</subfield>
   <subfield code="0">(DE-576)209082151</subfield>
   <subfield code="a">Renaissance</subfield>
   <subfield code="2">gnd</subfield>
  </datafield>
  <datafield tag="689" ind1="0" ind2="1">
   <subfield code="d">s</subfield>
   <subfield code="0">(DE-588)4125698-0</subfield>
   <subfield code="0">(DE-627)104470348</subfield>
   <subfield code="0">(DE-576)209578750</subfield>
   <subfield code="a">Kultur</subfield>
   <subfield code="2">gnd</subfield>
  </datafield>
  <datafield tag="689" ind1="0" ind2="2">
   <subfield code="a">z</subfield>
   <subfield code="2">gnd</subfield>
   <subfield code="a">Geschichte 1000-1600</subfield>
  </datafield>
  <datafield tag="689" ind1="0" ind2=" ">
   <subfield code="5">DE-101</subfield>
  </datafield>
  <datafield tag="689" ind1="1" ind2="0">
   <subfield code="d">s</subfield>
   <subfield code="0">(DE-588)4049450-0</subfield>
   <subfield code="0">(DE-627)104117257</subfield>
   <subfield code="0">(DE-576)209082151</subfield>
   <subfield code="a">Renaissance</subfield>
   <subfield code="2">gnd</subfield>
  </datafield>
  <datafield tag="689" ind1="1" ind2="1">
   <subfield code="d">s</subfield>
   <subfield code="0">(DE-588)4059252-2</subfield>
   <subfield code="0">(DE-627)106144103</subfield>
   <subfield code="0">(DE-576)209130083</subfield>
   <subfield code="a">Technischer Fortschritt</subfield>
   <subfield code="2">gnd</subfield>
  </datafield>
  <datafield tag="689" ind1="1" ind2="2">
   <subfield code="d">s</subfield>
   <subfield code="0">(DE-588)4130866-9</subfield>
   <subfield code="0">(DE-627)105699284</subfield>
   <subfield code="0">(DE-576)209622628</subfield>
   <subfield code="a">Klassenkampf</subfield>
   <subfield code="2">gnd</subfield>
  </datafield>
  <datafield tag="689" ind1="1" ind2="3">
   <subfield code="d">s</subfield>
   <subfield code="0">(DE-588)4077574-4</subfield>
   <subfield code="0">(DE-627)106079727</subfield>
   <subfield code="0">(DE-576)209205695</subfield>
   <subfield code="a">Soziale Schichtung</subfield>
   <subfield code="2">gnd</subfield>
  </datafield>
  <datafield tag="689" ind1="1" ind2="4">
   <subfield code="d">s</subfield>
   <subfield code="0">(DE-588)4055898-8</subfield>
   <subfield code="0">(DE-627)106156489</subfield>
   <subfield code="0">(DE-576)209115831</subfield>
   <subfield code="a">Sozialstruktur</subfield>
   <subfield code="2">gnd</subfield>
  </datafield>
  <datafield tag="689" ind1="1" ind2="5">
   <subfield code="d">s</subfield>
   <subfield code="0">(DE-588)4246600-3</subfield>
   <subfield code="0">(DE-627)104815302</subfield>
   <subfield code="0">(DE-576)210480858</subfield>
   <subfield code="a">Bevölkerungsstruktur</subfield>
   <subfield code="2">gnd</subfield>
  </datafield>
  <datafield tag="689" ind1="1" ind2="6">
   <subfield code="d">s</subfield>
   <subfield code="0">(DE-588)4066438-7</subfield>
   <subfield code="0">(DE-627)106113526</subfield>
   <subfield code="0">(DE-576)20916459X</subfield>
   <subfield code="a">Wirtschaftsentwicklung</subfield>
   <subfield code="2">gnd</subfield>
  </datafield>
  <datafield tag="689" ind1="1" ind2="7">
   <subfield code="d">s</subfield>
   <subfield code="0">(DE-588)4073624-6</subfield>
   <subfield code="0">(DE-627)106091999</subfield>
   <subfield code="0">(DE-576)209190973</subfield>
   <subfield code="a">Kolonialismus</subfield>
   <subfield code="2">gnd</subfield>
  </datafield>
  <datafield tag="689" ind1="1" ind2="8">
   <subfield code="d">s</subfield>
   <subfield code="0">(DE-588)4218081-8</subfield>
   <subfield code="0">(DE-627)105036560</subfield>
   <subfield code="0">(DE-576)210245107</subfield>
   <subfield code="a">Ungleichzeitigkeit</subfield>
   <subfield code="2">gnd</subfield>
  </datafield>
  <datafield tag="689" ind1="1" ind2="9">
   <subfield code="d">g</subfield>
   <subfield code="0">(DE-588)4014954-7</subfield>
   <subfield code="0">(DE-627)104493925</subfield>
   <subfield code="0">(DE-576)208909974</subfield>
   <subfield code="a">Entwicklungsländer</subfield>
   <subfield code="2">gnd</subfield>
  </datafield>
  <datafield tag="689" ind1="1" ind2="9">
   <subfield code="a">z</subfield>
   <subfield code="2">gnd</subfield>
   <subfield code="a">Geschichte 1492-1789</subfield>
  </datafield>
  <datafield tag="689" ind1="1" ind2=" ">
   <subfield code="5">(DE-627)</subfield>
  </datafield>
  <datafield tag="689" ind1="2" ind2="0">
   <subfield code="d">s</subfield>
   <subfield code="0">(DE-588)4049450-0</subfield>
   <subfield code="0">(DE-627)104117257</subfield>
   <subfield code="0">(DE-576)209082151</subfield>
   <subfield code="a">Renaissance</subfield>
   <subfield code="2">gnd</subfield>
  </datafield>
  <datafield tag="689" ind1="2" ind2="1">
   <subfield code="a">z</subfield>
   <subfield code="2">gnd</subfield>
   <subfield code="a">Geschichte 1420-1600</subfield>
  </datafield>
  <datafield tag="689" ind1="2" ind2=" ">
   <subfield code="5">(DE-627)</subfield>
  </datafield>
  <datafield tag="710" ind1="2" ind2=" ">
   <subfield code="a">Verlag C.H. Beck</subfield>
   <subfield code="e">Verlag</subfield>
   <subfield code="0">(DE-588)1023902869</subfield>
   <subfield code="0">(DE-627)718722590</subfield>
   <subfield code="0">(DE-576)367624842</subfield>
   <subfield code="4">pbl</subfield>
  </datafield>
  <datafield tag="776" ind1="0" ind2="8">
   <subfield code="i">Erscheint auch als</subfield>
   <subfield code="n">Online-Ausgabe</subfield>
   <subfield code="a">Roeck, Bernd, 1953 - </subfield>
   <subfield code="t">Der Morgen der Welt</subfield>
   <subfield code="d">München : C.H. Beck, 2017</subfield>
   <subfield code="h">1 Online-Ressource (1337 Seiten)</subfield>
   <subfield code="w">(DE-627)1659205964</subfield>
   <subfield code="w">(DE-576)499736486</subfield>
   <subfield code="z">9783406698774</subfield>
  </datafield>
  <datafield tag="787" ind1="0" ind2="8">
   <subfield code="i">Rezensiert in</subfield>
   <subfield code="a">Kohl, Jeanette</subfield>
   <subfield code="t">[Rezension von: Bernd Roeck, Der Morgen der Welt. Geschichte der Renaissance]</subfield>
   <subfield code="d">2018</subfield>
   <subfield code="w">(DE-627)178842557X</subfield>
  </datafield>
  <datafield tag="787" ind1="0" ind2="8">
   <subfield code="i">Rezensiert in</subfield>
   <subfield code="a">Mittler, Barbara, 1968 - </subfield>
   <subfield code="t">[Rezension von: Roeck, Bernd, 1953-, Der Morgen der Welt]</subfield>
   <subfield code="d">2019</subfield>
   <subfield code="w">(DE-627)1869728211</subfield>
  </datafield>
  <datafield tag="856" ind1="4" ind2="2">
   <subfield code="u">https://swbplus.bsz-bw.de/bsz489747345inh.htm</subfield>
   <subfield code="m">B:DE-576;DE-Sp3</subfield>
   <subfield code="q">application/pdf</subfield>
   <subfield code="v">20180104154209</subfield>
   <subfield code="x">Verlag</subfield>
   <subfield code="3">Inhaltsverzeichnis</subfield>
  </datafield>
  <datafield tag="856" ind1="4" ind2="2">
   <subfield code="u">http://www.sehepunkte.de/2018/06/31081.html</subfield>
   <subfield code="m">V:DE-576;X:Sehepunkte</subfield>
   <subfield code="q">text/html</subfield>
   <subfield code="v">20180720102639</subfield>
   <subfield code="3">Rezension</subfield>
  </datafield>
  <datafield tag="856" ind1="4" ind2="2">
   <subfield code="u">http://www.sehepunkte.de/2018/06/31045.html</subfield>
   <subfield code="m">V:DE-576;X:Sehepunkte</subfield>
   <subfield code="q">text/html</subfield>
   <subfield code="v">20180720102639</subfield>
   <subfield code="3">Rezension</subfield>
  </datafield>
  <datafield tag="856" ind1="4" ind2="2">
   <subfield code="u">https://www.perlentaucher.de/buch/bernd-roeck/der-morgen-der-welt.html</subfield>
   <subfield code="x">Verlag</subfield>
   <subfield code="3">Rezension</subfield>
  </datafield>
  <datafield tag="856" ind1="4" ind2="2">
   <subfield code="u">http://literaturkritik.de/public/rezension.php?rez_id=23838</subfield>
   <subfield code="x">Verlag</subfield>
   <subfield code="3">Rezension</subfield>
  </datafield>
  <datafield tag="856" ind1="4" ind2="2">
   <subfield code="u">http://www.sehepunkte.de/2018/06/31140.html</subfield>
   <subfield code="x">Verlag</subfield>
   <subfield code="3">Rezension</subfield>
  </datafield>
  <datafield tag="889" ind1=" " ind2=" ">
   <subfield code="w">(DE-576)9884761892</subfield>
  </datafield>
  <datafield tag="889" ind1=" " ind2=" ">
   <subfield code="w">(DE-627)884761894</subfield>
  </datafield>
  <datafield tag="935" ind1=" " ind2=" ">
   <subfield code="i">mdedup</subfield>
  </datafield>
  <datafield tag="935" ind1=" " ind2=" ">
   <subfield code="i">sf</subfield>
  </datafield>
  <datafield tag="936" ind1="r" ind2="v">
   <subfield code="a">LH 65720</subfield>
   <subfield code="b">Renaissance</subfield>
   <subfield code="k">Kunstgeschichte</subfield>
   <subfield code="k">Allgemeines. Allgemeine Kunstgeschichte</subfield>
   <subfield code="k">Allgemeine Kunstgeschichte: Darstellungen</subfield>
   <subfield code="k">Darstellungen einzelner Epochen</subfield>
   <subfield code="k">Mittlere und neuere Kunstgeschichte</subfield>
   <subfield code="k">Neuzeit</subfield>
   <subfield code="k">Renaissance</subfield>
   <subfield code="0">(DE-627)1270703951</subfield>
   <subfield code="0">(DE-625)rvk/94555:</subfield>
   <subfield code="0">(DE-576)200703951</subfield>
  </datafield>
  <datafield tag="936" ind1="r" ind2="v">
   <subfield code="a">NN 1580</subfield>
   <subfield code="b">Darstellungen</subfield>
   <subfield code="k">Geschichte</subfield>
   <subfield code="k">Neuere Geschichte</subfield>
   <subfield code="k">Zeitalter der Entdeckungen und der Glaubensspaltung (bis 1648)</subfield>
   <subfield code="k">Renaissance und Humanismus</subfield>
   <subfield code="k">Darstellungen</subfield>
   <subfield code="0">(DE-627)1271007312</subfield>
   <subfield code="0">(DE-625)rvk/126559:</subfield>
   <subfield code="0">(DE-576)201007312</subfield>
  </datafield>
  <datafield tag="936" ind1="b" ind2="k">
   <subfield code="a">15.20</subfield>
   <subfield code="j">Allgemeine Weltgeschichte</subfield>
   <subfield code="0">(DE-627)106419331</subfield>
  </datafield>
  <datafield tag="936" ind1="b" ind2="k">
   <subfield code="a">15.34</subfield>
   <subfield code="j">Europäische Geschichte 1492-1789</subfield>
   <subfield code="0">(DE-627)181569574</subfield>
  </datafield>
  <datafield tag="936" ind1="b" ind2="k">
   <subfield code="a">15.33</subfield>
   <subfield code="j">Hoch- und Spätmittelalter</subfield>
   <subfield code="0">(DE-627)181571560</subfield>
  </datafield>
  <datafield tag="936" ind1="b" ind2="k">
   <subfield code="a">15.07</subfield>
   <subfield code="j">Kulturgeschichte</subfield>
   <subfield code="0">(DE-627)181569620</subfield>
  </datafield>
  <datafield tag="936" ind1="b" ind2="k">
   <subfield code="a">20.70</subfield>
   <subfield code="j">Europäische Kunst: Allgemeines</subfield>
   <subfield code="0">(DE-627)106406566</subfield>
  </datafield>
  <datafield tag="951" ind1=" " ind2=" ">
   <subfield code="a">BO</subfield>
  </datafield>
  <datafield tag="990" ind1=" " ind2=" ">
   <subfield code="a">Renaissance</subfield>
  </datafield>
  <datafield tag="990" ind1=" " ind2=" ">
   <subfield code="a">Kultur</subfield>
  </datafield>
  <datafield tag="990" ind1=" " ind2=" ">
   <subfield code="a">Geschichte 1000-1600</subfield>
  </datafield>
  <datafield tag="990" ind1=" " ind2=" ">
   <subfield code="a">Renaissance</subfield>
  </datafield>
  <datafield tag="990" ind1=" " ind2=" ">
   <subfield code="a">Technischer Fortschritt</subfield>
  </datafield>
  <datafield tag="990" ind1=" " ind2=" ">
   <subfield code="a">Klassenkampf</subfield>
  </datafield>
  <datafield tag="990" ind1=" " ind2=" ">
   <subfield code="a">Soziale Schichtung</subfield>
  </datafield>
  <datafield tag="990" ind1=" " ind2=" ">
   <subfield code="a">Sozialstruktur</subfield>
  </datafield>
  <datafield tag="990" ind1=" " ind2=" ">
   <subfield code="a">Bevölkerungsstruktur</subfield>
  </datafield>
  <datafield tag="990" ind1=" " ind2=" ">
   <subfield code="a">Wirtschaftsentwicklung</subfield>
  </datafield>
  <datafield tag="990" ind1=" " ind2=" ">
   <subfield code="a">Kolonialismus</subfield>
  </datafield>
  <datafield tag="990" ind1=" " ind2=" ">
   <subfield code="a">Ungleichzeitigkeit</subfield>
  </datafield>
  <datafield tag="990" ind1=" " ind2=" ">
   <subfield code="a">Entwicklungsländer</subfield>
  </datafield>
  <datafield tag="990" ind1=" " ind2=" ">
   <subfield code="a">Geschichte 1492-1789</subfield>
  </datafield>
  <datafield tag="990" ind1=" " ind2=" ">
   <subfield code="a">Renaissance</subfield>
  </datafield>
  <datafield tag="990" ind1=" " ind2=" ">
   <subfield code="a">Geschichte 1420-1600</subfield>
  </datafield>
  <datafield tag="991" ind1=" " ind2=" ">
   <subfield code="a">Rezensiertes Werk</subfield>
  </datafield>
  <datafield tag="999" ind1=" " ind2=" ">
   <subfield code="a">KXP-PPN1626055815</subfield>
   <subfield code="e">4052210875</subfield>
  </datafield>
 </record>
</collection>
